Clasificacion historica de FMS España - Estadísticas

Estadísticas generales
  • Esta prueba ha sido intentada 198 veces
  • La puntuación promedio es 11 de 18
Estadísticas de respuestas
Posicion Puntos Freestyler % Correcto
1 75 Chuty
100%
2 56 Skone
98%
3 55 Blon
82%
4 47 Zasko
77%
6 41 Bnet
73%
5 45 Errece
58%
9 28 Mister Ego
58%
11 20 Gazir
57%
18 0 Khan
57%
12 20 Sweet Pain
55%
7 30 Bta
53%
8 29 Walls
53%
14 18 Mnak
50%
16 12 Tirpa
50%
10 24 Arkano
48%
15 15 Force
48%
17 9 Invert
46%
13 18 Hander
42%
No se encontraron pruebas coincidentes
Distribución de puntuación
Porcentaje de gente con cada puntuación
Porcentaje por número respondido
Historial de tus puntuaciones
No has intentado esta prueba.